000 00772nab a2200265 a 4500
001 64108
003 136764
005 20201118110101.0
008 ||||||n9999 ||| || ||
041 _aspa
100 _aArchila Neira, Mauricio
245 0 _aLas paradojas de los movimientos sociales en el caso colombiano :
_bpp.151-163
260 _aBogotá :
_bEscuela Superior de Administración Pública - ESAP,
_c1998.
300 _app.151-163
490 _aCatedra Alberto Lleras
562 _e0
650 _aANÁLISIS DE CASOS
650 _aCOLOMBIA
650 _aMOVIMIENTOS SOCIALES
650 _aPARTICIPACIÓN CIUDADANA
650 _aTENDENCIAS SOCIALES
773 _062700
_aEl Estado en América Latina, hoy
942 _cANACE
942 _cDOC
999 _c64108
_d64108